[Event "Qatar Masters Open 2014"]
[Site "Doha QAT"]
[Date "2014.11.27"]
[Round "2.38"]
[White "Romanov, Evgeny"]
[Black "Studer, Noel"]
[Result "1/2-1/2"]
[WhiteElo "2636"]
[BlackElo "2395"]
[PlyCount "120"]
[EventDate "2014.11.26"]
[EventType "swiss"]
[EventRounds "9"]
[EventCountry "QAT"]
[Source "lmi"]
[SourceDate "2014.11.26"]

1. d4 Nf6 2. Nf3 e6 3. c4 b6 4. g3 Bb4+ 5. Nbd2 O-O 6. Bg2 Bb7 7. O-O d5 8. Ne5
a5 9. Qc2 Na6 10. Ndf3 Bd6 11. Bg5 Re8 12. cxd5 exd5 13. Qf5 Qc8 14. Qf4 Qe6
15. Qh4 Bc8 16. Bxf6 gxf6 17. Nd3 Qf5 18. Rae1 Nb4 19. Nc1 Kg7 20. Nd2 Ba6 21.
a3 Nc2 22. Rd1 Rad8 23. Nb1 Na1 24. Nc3 Bc4 25. Rd2 Bf8 26. Nd1 Nb3 27. Nxb3
Bxb3 28. Ne3 Qg5 29. Qxg5+ fxg5 30. Rc1 c5 31. Rc3 a4 32. Nf5+ Kg6 33. g4 h5
34. h3 Bc4 35. Re3 Re6 36. Bf3 h4 37. Rc3 b5 38. dxc5 Bxc5 39. e3 Bb6 40. Nd4
Rf6 41. Rd1 Bxd4 42. exd4 Re8 43. Rd2 Re1+ 44. Kg2 Kg7 45. Bd1 Rf4 46. Re3 Bf1+
47. Kh2 Rxe3 48. fxe3 Rf6 49. b3 Re6 50. Rf2 Bd3 51. bxa4 bxa4 52. Bxa4 Rxe3
53. Bc2 Bc4 54. a4 Ra3 55. Kg2 Ra1 56. Kh2 Kf8 57. Bg6 Rf1 58. Rxf1 Bxf1 59.
Bf5 Ke7 60. Bc8 Kd6 1/2-1/2

[Event "Qatar Masters Open 2014"]
[Site "Doha QAT"]
[Date "2014.11.27"]
[Round "2.39"]
[White "Safarli, Eltaj"]
[Black "Xu, Yinglun"]
[Result "1/2-1/2"]
[WhiteElo "2628"]
[BlackElo "2410"]
[PlyCount "78"]
[EventDate "2014.11.26"]
[EventType "swiss"]
[EventRounds "9"]
[EventCountry "QAT"]
[Source "lmi"]
[SourceDate "2014.11.26"]

1. e4 c5 2. Nf3 d6 3. d4 cxd4 4. Nxd4 Nf6 5. Nc3 e6 6. g4 a6 7. g5 Nfd7 8. h4
b5 9. a3 Bb7 10. Be3 Nc6 11. Nxc6 Bxc6 12. Qd4 Rb8 13. h5 Qb6 14. O-O-O Qxd4
15. Bxd4 h6 16. g6 f5 17. f3 e5 18. Bf2 Nf6 19. Bg2 fxe4 20. fxe4 Be7 21. Bf3
Rf8 22. Bh4 Nd7 23. Bg4 Bxh4 24. Rxh4 Ke7 25. Bf5 Nf6 26. Ne2 d5 27. exd5 Bxd5
28. Ng3 Be6 29. Rh2 Rbd8 30. Re1 Rd5 31. Bxe6 Kxe6 32. Rf2 Rfd8 33. b3 R8d7 34.
Rf3 Rc7 35. Re2 Rd4 36. Rfe3 Ng4 37. Rf3 Nf6 38. Rfe3 Ng4 39. Rf3 Nf6 1/2-1/2

[Event "Qatar Masters Open 2014"]
[Site "Doha QAT"]
[Date "2014.11.27"]
[Round "2.40"]
[White "Mchedlishvili, Mikheil"]
[Black "Basso, Pier Luigi"]
[Result "1/2-1/2"]
[WhiteElo "2622"]
[BlackElo "2335"]
[PlyCount "64"]
[EventDate "2014.11.26"]
[EventType "swiss"]
[EventRounds "9"]
[EventCountry "QAT"]
[Source "lmi"]
[SourceDate "2014.11.26"]

1. Nf3 Nf6 2. c4 e6 3. d4 b6 4. e3 Bb7 5. Bd3 Bb4+ 6. Nbd2 O-O 7. O-O d5 8. a3
Bd6 9. b4 c6 10. e4 dxe4 11. Nxe4 Be7 12. Nxf6+ Bxf6 13. Qc2 c5 14. Bxh7+ Kh8
15. Be4 Nc6 16. Qb1 cxd4 17. Qd3 g6 18. Bf4 Re8 19. Rfe1 Qe7 20. Bxc6 Bxc6 21.
Ne5 Bxe5 22. Bxe5+ f6 23. Bxd4 Kg7 24. f4 Rad8 25. Rad1 Qf7 26. Qc3 Rc8 27. Rd3
b5 28. c5 Rcd8 29. Rh3 Rh8 30. Ree3 Rxh3 31. Rxh3 e5 32. fxe5 Qd5 1/2-1/2

[Event "Qatar Masters Open 2014"]
[Site "Doha QAT"]
[Date "2014.11.27"]
[Round "2.41"]
[White "Batsiashvili, Nino"]
[Black "Hamdouchi, Hicham"]
[Result "1/2-1/2"]
[WhiteElo "2442"]
[BlackElo "2616"]
[PlyCount "79"]
[EventDate "2014.11.26"]
[EventType "swiss"]
[EventRounds "9"]
[EventCountry "QAT"]
[Source "lmi"]
[SourceDate "2014.11.26"]

1. d4 Nf6 2. c4 g6 3. Nc3 d5 4. cxd5 Nxd5 5. e4 Nxc3 6. bxc3 Bg7 7. Be3 c5 8.
Qd2 cxd4 9. cxd4 Nc6 10. Rd1 O-O 11. Nf3 Qa5 12. Be2 Qxd2+ 13. Rxd2 f5 14. d5
fxe4 15. dxc6 exf3 16. Bxf3 Rxf3 17. gxf3 Bc3 18. c7 b6 19. Bd4 Bxd2+ 20. Kxd2
Bb7 21. Re1 Kf7 22. Re3 Rc8 23. Be5 Bd5 24. a3 Ke8 25. f4 Be6 26. Rd3 Bf5 27.
Rd4 Bd7 28. Kc3 a5 29. Kc4 Ra8 30. f5 b5+ 31. Kc5 Ra6 32. fxg6 Rxg6 33. f4 Rh6
34. h4 Rc6+ 35. Kxb5 Rxc7+ 36. Kxa5 Ra7+ 37. Kb4 Ra4+ 38. Kb3 Rxd4 39. Bxd4 Kd8
40. Kb4 1/2-1/2

[Event "Qatar Masters Open 2014"]
[Site "Doha QAT"]
[Date "2014.11.27"]
[Round "2.42"]
[White "Vijayalakshmi, Subbaraman"]
[Black "Swiercz, Dariusz"]
[Result "1/2-1/2"]
[WhiteElo "2335"]
[BlackElo "2616"]
[PlyCount "160"]
[EventDate "2014.11.26"]
[EventType "swiss"]
[EventRounds "9"]
[EventCountry "QAT"]
[Source "lmi"]
[SourceDate "2014.11.26"]

1. b3 e5 2. Bb2 Nc6 3. e3 Nf6 4. Bb5 Bd6 5. Na3 Na5 6. Be2 a6 7. Nf3 Qe7 8. Nb1
O-O 9. d3 c5 10. c4 Bc7 11. Nc3 Nc6 12. O-O d6 13. Nd2 Be6 14. Nde4 Ba5 15.
Nxf6+ Qxf6 16. Bg4 Bxc3 17. Bxc3 Qh4 18. Bf3 Rac8 19. Bxc6 Rxc6 20. d4 cxd4 21.
exd4 d5 22. c5 e4 23. f4 Bd7 24. Be1 Qe7 25. Qh5 Rh6 26. Qxd5 Bb5 27. Qg5 Qd7
28. Rf2 Rg6 29. c6 Bxc6 30. Qc5 e3 31. Rb2 Re8 32. Bg3 Rd6 33. Rd1 Rd5 34. Qc3
h5 35. Rd3 e2 36. Re3 Rxe3 37. Qxe3 Rxd4 38. Rxe2 Rd1+ 39. Be1 Rd3 40. Qf2 Qg4
41. Rd2 Qf5 42. h3 Qe4 43. Rxd3 Qxd3 44. Kh2 Qe4 45. a4 f6 46. a5 Kf7 47. b4
Bd5 48. Bc3 Kg6 49. Qg3+ Kh7 50. Qf2 Bc6 51. Bd4 Kg6 52. Bc5 Kf5 53. Bf8 g6 54.
Bd6 Bd5 55. Qd2 Ke6 56. Bc5 Kf5 57. Bd6 Qc4 58. Qf2 Qd3 59. Bc5 Qe4 60. Bd6 h4
61. Qd2 Bc6 62. Qf2 Ke6 63. Bc5 Kf7 64. Bd4 Ke6 65. Qe3 Kf5 66. Qxe4+ Bxe4 67.
g3 hxg3+ 68. Kxg3 g5 69. fxg5 fxg5 70. h4 gxh4+ 71. Kxh4 Bc6 72. Bc5 Ke5 73.
Kg5 Bd5 74. Kg4 Bc6 75. Kg3 Bd5 76. Kf2 Bc6 77. Ke3 Bd5 78. Kd3 Bc6 79. Bf8
Bb5+ 80. Kc3 Bc6 1/2-1/2

[Event "Qatar Masters Open 2014"]
[Site "Doha QAT"]
[Date "2014.11.27"]
[Round "2.43"]
[White "Gu, Xiaobing"]
[Black "Sandipan, Chanda"]
[Result "0-1"]
[WhiteElo "2283"]
[BlackElo "2603"]
[PlyCount "72"]
[EventDate "2014.11.26"]
[EventType "swiss"]
[EventRounds "9"]
[EventCountry "QAT"]
[Source "lmi"]
[SourceDate "2014.11.26"]

1. e4 e5 2. Nf3 Nc6 3. Bb5 g6 4. c3 a6 5. Ba4 d6 6. d4 Bd7 7. O-O Bg7 8. Re1
Nf6 9. Bxc6 Bxc6 10. dxe5 Nxe4 11. exd6 O-O 12. d7 Nd6 13. Bf4 Qxd7 14. Ne5 Qf5
15. Nxc6 Qxf4 16. Ne7+ Kh8 17. Nd5 Qf5 18. Na3 Rad8 19. Ne3 Qc5 20. Qd5 Qxd5
21. Nxd5 Nb5 22. Nxb5 Rxd5 23. Nxc7 Rd2 24. Rab1 Rfd8 25. Ne8 Rc2 26. Nxg7 Kxg7
27. Rec1 Rxc1+ 28. Rxc1 Rd2 29. Rb1 Kf6 30. Kf1 h5 31. a4 Rc2 32. a5 Kf5 33. g3
g5 34. h3 g4 35. h4 f6 36. Kg2 Ke4 0-1

[Event "Qatar Masters Open 2014"]
[Site "Doha QAT"]
[Date "2014.11.27"]
[Round "2.44"]
[White "Miton, Kamil"]
[Black "L'Ami, Alina"]
[Result "1-0"]
[WhiteElo "2601"]
[BlackElo "2393"]
[PlyCount "81"]
[EventDate "2014.11.26"]
[EventType "swiss"]
[EventRounds "9"]
[EventCountry "QAT"]
[Source "lmi"]
[SourceDate "2014.11.26"]

1. d4 Nf6 2. c4 g6 3. Nc3 Bg7 4. e4 d6 5. Bd3 O-O 6. Nge2 Na6 7. O-O e5 8. d5
Nc5 9. Bc2 a5 10. f3 c6 11. Be3 cxd5 12. cxd5 Bd7 13. Nc1 Nh5 14. Nd3 Nxd3 15.
Bxd3 Nf4 16. Bb5 Bxb5 17. Nxb5 a4 18. g3 Nh5 19. Rc1 Qd7 20. Qd3 Rfc8 21. Kg2
Nf6 22. Rxc8+ Rxc8 23. Rc1 Ne8 24. Rxc8 Qxc8 25. a3 f5 26. Nc3 fxe4 27. fxe4 h5
28. h3 Qd7 29. Qb5 Qf7 30. Qxa4 h4 31. g4 Bf6 32. Qc4 Qe7 33. Qc8 Kf7 34. a4
Kf8 35. Nb5 Bg5 36. Bb6 Kf7 37. Bc7 Kg7 38. Bb6 Qf7 39. Nc7 Nxc7 40. Qxc7 Be7
41. Be3 1-0

[Event "Qatar Masters Open 2014"]
[Site "Doha QAT"]
[Date "2014.11.27"]
[Round "2.45"]
[White "Ju, Wenjun"]
[Black "Foisor, Sabina-Francesca"]
[Result "1/2-1/2"]
[WhiteElo "2582"]
[BlackElo "2270"]
[PlyCount "84"]
[EventDate "2014.11.26"]
[EventType "swiss"]
[EventRounds "9"]
[EventCountry "QAT"]
[Source "lmi"]
[SourceDate "2014.11.26"]

1. Nf3 Nf6 2. g3 d5 3. Bg2 e6 4. c4 Be7 5. O-O O-O 6. b3 b6 7. Bb2 Bb7 8. e3 c5
9. Nc3 Nbd7 10. Qe2 Rc8 11. Rac1 Qc7 12. Rfd1 Rfd8 13. cxd5 Nxd5 14. Nxd5 Bxd5
15. e4 Bc6 16. d4 Nf6 17. Ne5 Bb7 18. dxc5 Rxd1+ 19. Qxd1 bxc5 20. Qc2 Ne8 21.
Ng4 a5 22. h4 h5 23. Ne5 Bf6 24. Nd3 Ba6 25. Nxc5 Qxc5 26. Qxc5 Rxc5 27. Rxc5
Bxb2 28. Rxa5 Bd3 29. Ra8 Kf8 30. e5 Ke7 31. Ra7+ Kd8 32. Rxf7 Bxe5 33. Bc6 Bg6
34. Bxe8 Kxe8 35. Rb7 Be4 36. Rb6 Kd7 37. a4 Bd5 38. Rb5 Kc6 39. Kf1 Bc7 40.
Kg1 g6 41. Rb4 Bd6 42. Rb5 Bc7 1/2-1/2

[Event "Qatar Masters Open 2014"]
[Site "Doha QAT"]
[Date "2014.11.27"]
[Round "2.46"]
[White "Kharous, Ernest"]
[Black "Gabuzyan, Hovhannes"]
[Result "0-1"]
[WhiteElo "2358"]
[BlackElo "2565"]
[PlyCount "70"]
[EventDate "2014.11.26"]
[EventType "swiss"]
[EventRounds "9"]
[EventCountry "QAT"]
[Source "lmi"]
[SourceDate "2014.11.26"]

1. f4 b6 2. e4 Bb7 3. Nc3 e6 4. Nf3 Bb4 5. Qe2 Ne7 6. d3 O-O 7. Bd2 d5 8. e5 d4
9. Ne4 Bxd2+ 10. Qxd2 Nf5 11. O-O-O Nc6 12. Re1 Qd5 13. Kb1 a5 14. c4 dxc3 15.
Nxc3 Qd7 16. Ng5 a4 17. g4 Nfd4 18. Bg2 a3 19. Be4 h6 20. Nh7 Rfd8 21. f5 Qe7
22. f6 Qb4 23. fxg7 Nb5 24. Nf6+ Kxg7 25. Nh5+ Kg8 26. Nf6+ Kf8 27. Qxh6+ Ke7
28. Nfd5+ exd5 29. Qf6+ Ke8 30. Qh8+ Qf8 31. Qxf8+ Kxf8 32. Nxb5 dxe4 33. dxe4
Rd2 34. Nxa3 Nxe5 35. h3 Ra4 0-1

[Event "Qatar Masters Open 2014"]
[Site "Doha QAT"]
[Date "2014.11.27"]
[Round "2.47"]
[White "Ghaem Maghami, Ehsan"]
[Black "Mammadzada, Gunay"]
[Result "0-1"]
[WhiteElo "2559"]
[BlackElo "2316"]
[PlyCount "62"]
[EventDate "2014.11.26"]
[EventType "swiss"]
[EventRounds "9"]
[EventCountry "QAT"]
[Source "lmi"]
[SourceDate "2014.11.26"]

1. d4 d5 2. c4 c6 3. Nf3 Nf6 4. e3 Bf5 5. Nc3 e6 6. Nh4 Be4 7. f3 Bg6 8. Qb3
Qc7 9. Bd2 Be7 10. O-O-O dxc4 11. Bxc4 a6 12. Be2 b5 13. g4 c5 14. Nxg6 hxg6
15. g5 c4 16. Qc2 Nd5 17. f4 Nc6 18. Nxd5 exd5 19. f5 Qd6 20. h4 O-O-O 21. Rdf1
a5 22. Kb1 Nb4 23. Qd1 gxf5 24. a3 g6 25. e4 dxe4 26. axb4 axb4 27. Bf4 Qa6 28.
b3 Rd7 29. Qc2 Ra7 30. Qb2 c3 31. Rc1 Kd7 0-1

[Event "Qatar Masters Open 2014"]
[Site "Doha QAT"]
[Date "2014.11.27"]
[Round "2.48"]
[White "Guramishvili, Sopiko"]
[Black "Jobava, Baadur"]
[Result "0-1"]
[WhiteElo "2388"]
[BlackElo "2722"]
[PlyCount "80"]
[EventDate "2014.11.26"]
[EventType "swiss"]
[EventRounds "9"]
[EventCountry "QAT"]
[Source "lmi"]
[SourceDate "2014.11.26"]

1. d4 Nf6 2. c4 c5 3. d5 g6 4. Nc3 Bg7 5. Nf3 O-O 6. g3 e6 7. Bg2 exd5 8. cxd5
d6 9. O-O Na6 10. Bf4 Nc7 11. e4 Nfe8 12. h3 b5 13. e5 Bb7 14. exd6 Nxd6 15.
Be3 Na6 16. Qe2 Qd7 17. Ng5 Rfe8 18. Nge4 Nxe4 19. Nxe4 Bxd5 20. Rad1 Nc7 21.
Nc3 Bxc3 22. bxc3 Qe6 23. Qb2 Bxg2 24. Kxg2 Nd5 25. Bh6 Qe4+ 26. Kh2 Qc4 27.
Rfe1 Nxc3 28. Rxe8+ Rxe8 29. Rc1 Re2 30. Rd1 f6 31. Rd2 Rxd2 32. Qxd2 Qd4 33.
Qe1 Kf7 34. Be3 Qc4 35. Qd2 Ke7 36. Qe1 Kd7 37. Bh6 b4 38. Bf8 Qe2 39. Qxe2
Nxe2 40. Bxc5 a5 0-1

[Event "Qatar Masters Open 2014"]
[Site "Doha QAT"]
[Date "2014.11.27"]
[Round "2.50"]
[White "Bartel, Mateusz"]
[Black "Deac, Bogdan-Daniel"]
[Result "1/2-1/2"]
[WhiteElo "2662"]
[BlackElo "2385"]
[PlyCount "63"]
[EventDate "2014.11.26"]
[EventType "swiss"]
[EventRounds "9"]
[EventCountry "QAT"]
[Source "lmi"]
[SourceDate "2014.11.26"]

1. d4 Nf6 2. Bg5 e6 3. e3 b6 4. Nf3 Bb7 5. Bd3 Be7 6. c4 Ne4 7. Bxe7 Qxe7 8.
Qc2 f5 9. Nc3 Nxc3 10. Qxc3 O-O 11. O-O-O Qf6 12. Bc2 d6 13. d5 Qxc3 14. bxc3
Na6 15. dxe6 Bxf3 16. gxf3 Rae8 17. Rhg1 Rxe6 18. Rd5 Ref6 19. h4 Nc5 20. h5 f4
21. Bd1 Re8 22. Kd2 a5 23. Rg4 Ref8 24. Rd4 Ne6 25. Re4 h6 26. Rg6 Nc5 27. Re7
R6f7 28. Rxf7 Rxf7 29. Rg4 Rf5 30. Rh4 fxe3+ 31. fxe3 Rg5 32. Rh2 1/2-1/2

[Event "Qatar Masters Open 2014"]
[Site "Doha QAT"]
[Date "2014.11.27"]
[Round "2.51"]
[White "Vazquez, Guillermo"]
[Black "Bologan, Viktor"]
[Result "1-0"]
[WhiteElo "2374"]
[BlackElo "2643"]
[PlyCount "63"]
[EventDate "2014.11.26"]
[EventType "swiss"]
[EventRounds "9"]
[EventCountry "QAT"]
[Source "lmi"]
[SourceDate "2014.11.26"]

1. e4 c5 2. Nc3 d6 3. Nge2 Nf6 4. g3 Nc6 5. Bg2 e6 6. O-O Be7 7. d4 cxd4 8.
Nxd4 Bd7 9. a4 O-O 10. Nxc6 Bxc6 11. Qe2 Qc7 12. Rd1 Rfd8 13. Nb5 Qb8 14. c4
Nd7 15. a5 Nc5 16. Ra3 e5 17. h4 b6 18. b4 Ne6 19. a6 Bxb5 20. cxb5 Nd4 21. Qd3
d5 22. Bd2 Qd6 23. exd5 Rac8 24. Bc3 Bf6 25. f4 Rxc3 26. Rxc3 exf4 27. Rc4 f3
28. Bxf3 Nxb5 29. Kg2 Qe5 30. Re4 Qb2+ 31. Re2 Qxb4 32. Rb1 1-0

[Event "Qatar Masters Open 2014"]
[Site "Doha QAT"]
[Date "2014.11.27"]
[Round "2.52"]
[White "Vovk, Andrey"]
[Black "Khademalsharieh, Sarasadat"]
[Result "1-0"]
[WhiteElo "2640"]
[BlackElo "2378"]
[PlyCount "73"]
[EventDate "2014.11.26"]
[EventType "swiss"]
[EventRounds "9"]
[EventCountry "QAT"]
[Source "lmi"]
[SourceDate "2014.11.26"]

1. g3 Nf6 2. f4 d5 3. Nf3 g6 4. Bg2 Bg7 5. O-O O-O 6. d3 c5 7. c3 Nc6 8. Qc2 d4
9. Na3 Nd5 10. Bd2 Rb8 11. Nc4 b5 12. Nce5 Nxe5 13. Nxe5 Bb7 14. cxd4 cxd4 15.
Qc5 Bxe5 16. fxe5 Qb6 17. Rfc1 Rfd8 18. Qxb6 Nxb6 19. Rc7 Rd7 20. Rac1 Bxg2 21.
Kxg2 Rb7 22. Rxb7 Rxb7 23. Kf3 f5 24. exf6 exf6 25. Be1 Kf7 26. Bf2 Rd7 27. Rc5
a6 28. b3 Rd6 29. g4 Nd7 30. Bg3 Re6 31. Rd5 Ne5+ 32. Bxe5 fxe5 33. Ke4 Rf6 34.
Rxe5 Rf2 35. Kxd4 Rxh2 36. g5 Rh1 37. a4 1-0

[Event "Qatar Masters Open 2014"]
[Site "Doha QAT"]
[Date "2014.11.27"]
[Round "2.56"]
[White "Wang, Jue"]
[Black "Gomez, John Paul"]
[Result "0-1"]
[WhiteElo "2353"]
[BlackElo "2510"]
[PlyCount "73"]
[EventDate "2014.11.26"]
[EventType "swiss"]
[EventRounds "9"]
[EventCountry "QAT"]
[Source "lmi"]
[SourceDate "2014.11.26"]

1. e4 e5 2. Nf3 Nc6 3. Bb5 Nf6 4. d3 Bc5 5. O-O d6 6. c3 O-O 7. Nbd2 a6 8. Bxc6
bxc6 9. d4 exd4 10. cxd4 Bb6 11. Qc2 c5 12. d5 Re8 13. b3 Bg4 14. Re1 Ba5 15.
Re3 Bxd2 16. Nxd2 Nh5 17. Bb2 Qg5 18. h3 Bd7 19. Rae1 Re7 20. Qc3 Rae8 21. a3
Qg6 22. Kh2 Re5 23. g3 Nf6 24. f3 Qh6 25. h4 Nxd5 26. Qd3 Nxe3 27. Bxe5 Ng4+
28. fxg4 Rxe5 29. Nc4 Re8 30. Ne3 Bb5 31. Qc3 Qe6 32. Nf5 Qe5 33. Qe3 Bd7 34.
Re2 h5 35. Qg5 hxg4 36. Nh6+ Kf8 37. Kg1 0-1

[Event "Qatar Masters Open 2014"]
[Site "Doha QAT"]
[Date "2014.11.27"]
[Round "2.57"]
[White "Al-Sayed, Mohammed"]
[Black "Tabatabaei, M.Amin"]
[Result "1-0"]
[WhiteElo "2507"]
[BlackElo "2353"]
[PlyCount "49"]
[EventDate "2014.11.26"]
[EventType "swiss"]
[EventRounds "9"]
[EventCountry "QAT"]
[Source "lmi"]
[SourceDate "2014.11.26"]

1. d4 Nf6 2. c4 g6 3. Nc3 d5 4. Bg5 Bg7 5. Bxf6 Bxf6 6. cxd5 c5 7. Nf3 Qb6 8.
e3 cxd4 9. Bb5+ Bd7 10. Nxd4 Bxb5 11. Ncxb5 a6 12. Nc3 Qxb2 13. O-O Qxc3 14.
Rc1 Qa5 15. Rc8+ Kd7 16. Qg4+ Kd6 17. Nb3 Qb6 18. Nd2 Rxc8 19. Qxc8 Nc6 20.
Qxa8 Kxd5 21. Qc8 Bb2 22. Qd7+ Kc5 23. Rb1 Qb4 24. Qd3 Kb6 25. Rxb2 1-0

[Event "Qatar Masters Open 2014"]
[Site "Doha QAT"]
[Date "2014.11.27"]
[Round "2.58"]
[White "Konguvel, Ponnuswamy"]
[Black "Harika, Dronavalli"]
[Result "1/2-1/2"]
[WhiteElo "2347"]
[BlackElo "2505"]
[PlyCount "74"]
[EventDate "2014.11.26"]
[EventType "swiss"]
[EventRounds "9"]
[EventCountry "QAT"]
[Source "lmi"]
[SourceDate "2014.11.26"]

1. e4 e5 2. Nf3 Nc6 3. Bb5 Nf6 4. O-O Nxe4 5. d4 Nd6 6. Bxc6 dxc6 7. dxe5 Nf5
8. Qxd8+ Kxd8 9. h3 h5 10. Nc3 Ke8 11. Bf4 Be7 12. Rad1 Be6 13. Ng5 Rh6 14. g3
Bxg5 15. Bxg5 Rg6 16. h4 f6 17. exf6 gxf6 18. Bf4 Nxh4 19. f3 Nf5 20. Kf2 Rc8
21. Ne4 b6 22. Rh1 Ng7 23. g4 hxg4 24. fxg4 Bxg4 25. Rh8+ Kf7 26. Rxc8 Bxc8 27.
Bxc7 Ne8 28. Rd8 Be6 29. Ra8 f5 30. Ng3 Nxc7 31. Rxa7 Bd5 32. Rxc7+ Ke6 33. Rc8
Rh6 34. Re8+ Kf6 35. Re2 Rh2+ 36. Ke1 Rh3 37. Kf2 Rh2+ 1/2-1/2

[Event "Qatar Masters Open 2014"]
[Site "Doha QAT"]
[Date "2014.11.27"]
[Round "2.59"]
[White "Gaehwiler, Gabriel"]
[Black "Karthikeyan, Murali"]
[Result "1-0"]
[WhiteElo "2334"]
[BlackElo "2497"]
[PlyCount "87"]
[EventDate "2014.11.26"]
[EventType "swiss"]
[EventRounds "9"]
[EventCountry "QAT"]
[Source "lmi"]
[SourceDate "2014.11.26"]

1. e4 g6 2. d4 Bg7 3. Nf3 d6 4. h3 Nf6 5. Nc3 O-O 6. Be3 a6 7. Bd3 b5 8. e5
dxe5 9. dxe5 Nd5 10. Qd2 Nxc3 11. Qxc3 Bb7 12. O-O-O Qc8 13. h4 Qe6 14. h5 Bxf3
15. gxf3 Bxe5 16. Qb3 Qxb3 17. axb3 e6 18. hxg6 hxg6 19. f4 Bg7 20. Be4 c6 21.
c3 a5 22. Kc2 Rc8 23. Rd6 Ra6 24. Rhd1 Bf6 25. Rh1 a4 26. f5 gxf5 27. Bxf5
axb3+ 28. Kxb3 c5 29. Rxa6 Nxa6 30. Bh7+ Kf8 31. Ra1 c4+ 32. Kc2 Nc5 33. Bh6+
Bg7 34. Rg1 Bxh6 35. Rg8+ Ke7 36. Rxc8 Kd6 37. Rb8 Kc6 38. Bg8 Nd7 39. Rc8+ Kb7
40. Re8 Ne5 41. Bxf7 Nxf7 42. Rxe6 Bg5 43. Rg6 Bh4 44. Rg7 1-0

[Event "Qatar Masters Open 2014"]
[Site "Doha QAT"]
[Date "2014.11.27"]
[Round "2.60"]
[White "Abdumalik, Zhansaya"]
[Black "Carlsson, Pontus"]
[Result "1-0"]
[WhiteElo "2332"]
[BlackElo "2492"]
[PlyCount "109"]
[EventDate "2014.11.26"]
[EventType "swiss"]
[EventRounds "9"]
[EventCountry "QAT"]
[Source "lmi"]
[SourceDate "2014.11.26"]

1. e4 c6 2. d4 d5 3. Nc3 dxe4 4. Nxe4 Bf5 5. Ng3 Bg6 6. h4 h6 7. Nf3 Nd7 8. h5
Bh7 9. Bd3 Bxd3 10. Qxd3 e6 11. Bd2 Ngf6 12. O-O-O Be7 13. Kb1 O-O 14. Rhe1 a5
15. Ne4 a4 16. Nxf6+ Nxf6 17. Ne5 a3 18. b3 c5 19. dxc5 Qxd3 20. Nxd3 Nxh5 21.
c3 Nf6 22. Kc2 Rfc8 23. b4 b6 24. cxb6 Rab8 25. Kb3 Nd5 26. c4 Nxb6 27. c5 Nd5
28. Rc1 Rc7 29. Rc4 Rd8 30. Kc2 Rb7 31. Rb1 Nc7 32. Be3 Rb5 33. Rb3 Ra8 34. Bc1
Rb7 35. Rxa3 Rd8 36. Be3 Nd5 37. Bd2 Rc8 38. Rb3 g5 39. Nb2 e5 40. a4 f5 41. c6
Rbb8 42. Kb1 h5 43. b5 h4 44. a5 g4 45. b6 Kf7 46. b7 Rh8 47. c7 Nxc7 48. Rxc7
h3 49. gxh3 gxh3 50. Rxh3 Rxh3 51. Bb4 Rb3 52. Rxe7+ Kf6 53. a6 Rxb4 54. a7
R4xb7 55. Re8 1-0

[Event "Qatar Masters Open 2014"]
[Site "Doha QAT"]
[Date "2014.11.27"]
[Round "2.61"]
[White "Chandra, Akshat"]
[Black "Kochetkova, Julia"]
[Result "1/2-1/2"]
[WhiteElo "2489"]
[BlackElo "2345"]
[PlyCount "199"]
[EventDate "2014.11.26"]
[EventType "swiss"]
[EventRounds "9"]
[EventCountry "QAT"]
[Source "lmi"]
[SourceDate "2014.11.26"]

1. e4 d6 2. d4 Nf6 3. Nc3 e5 4. Nf3 Nbd7 5. Bc4 Be7 6. O-O O-O 7. Re1 c6 8. a4
a5 9. h3 Nb6 10. Bb3 Nfd7 11. Be3 exd4 12. Nxd4 Nc5 13. Qf3 Nxb3 14. cxb3 Nd7
15. Rad1 Ne5 16. Qg3 Bh4 17. Qh2 h6 18. Re2 Qc7 19. Nf5 Bxf5 20. exf5 Rfe8 21.
Bd4 Rad8 22. Qf4 Qe7 23. Re4 Bf6 24. Qg3 Qf8 25. Bb6 Rc8 26. Bxa5 d5 27. Bb4
Be7 28. Bxe7 Qxe7 29. Re2 f6 30. Kh1 Qd7 31. Ne4 Kh8 32. Nc5 Qxf5 33. Nxb7 Nf7
34. Rde1 Rxe2 35. Rxe2 d4 36. Re7 Qd5 37. Nc5 Qxc5 38. Rxf7 Rg8 39. Kh2 Qc1 40.
Qh4 c5 41. Qg3 Qxb2 42. a5 Qe2 43. Rd7 Qb5 44. Qc7 d3 45. Rd6 Qxb3 46. Qxc5 Qc2
47. Qd5 Qd2 48. Kg3 Rf8 49. a6 f5 50. Qxd3 f4+ 51. Kf3 Qa5 52. Qd4 Qh5+ 53. Ke4
Qf5+ 54. Kf3 Qh5+ 55. Ke4 Qe2+ 56. Kd5 Qb5+ 57. Ke4 Qe2+ 58. Kd5 Rf5+ 59. Kc6
Qxa6+ 60. Kc7 Rf7+ 61. Rd7 Qa5+ 62. Kc6 Qa8+ 63. Kb6 Qb8+ 64. Ka5 Rf5+ 65. Ka6
Qb5+ 66. Ka7 Qa5+ 67. Kb7 Rb5+ 68. Kc6 Qa6+ 69. Kc7 Qa5+ 70. Kc6 Qa6+ 71. Kc7
Rb7+ 72. Kd8 Qa5+ 73. Ke8 Qh5+ 74. Kd8 Qg5+ 75. Kc8 Rxd7 76. Kxd7 Qxg2 77. Qxf4
Qxh3+ 78. Ke7 Qa3+ 79. Kf7 Qb3+ 80. Ke7 Qb7+ 81. Ke6 Kg8 82. Qg3 Qc8+ 83. Kd5
Qf5+ 84. Kd4 h5 85. Ke3 Kh7 86. f3 Kh6 87. Kf2 Qc5+ 88. Kf1 g5 89. Qb8 Qc4+ 90.
Kf2 Qd4+ 91. Kg2 h4 92. Qf8+ Qg7 93. Qd6+ Kh5 94. Qe6 Qg6 95. Qc8 Qf6 96. Qe8+
Kh6 97. Qc8 Qb2+ 98. Kh3 Qf6 99. Kg2 Qb2+ 100. Kh3 1/2-1/2

[Event "Qatar Masters Open 2014"]
[Site "Doha QAT"]
[Date "2014.11.27"]
[Round "2.62"]
[White "Gara, Ticia"]
[Black "Danielian, Elina"]
[Result "0-1"]
[WhiteElo "2326"]
[BlackElo "2487"]
[PlyCount "96"]
[EventDate "2014.11.26"]
[EventType "swiss"]
[EventRounds "9"]
[EventCountry "QAT"]
[Source "lmi"]
[SourceDate "2014.11.26"]

1. e4 e6 2. d4 d5 3. Nd2 Nc6 4. Ngf3 Nf6 5. e5 Nd7 6. Nb3 a5 7. a4 b6 8. Bb5
Ncb8 9. Bg5 Be7 10. h4 h6 11. Bxe7 Qxe7 12. Rh3 Ba6 13. Bxa6 Nxa6 14. Kf1 O-O
15. Kg1 c6 16. Qd2 f6 17. Re1 Nc7 18. h5 fxe5 19. Nxe5 Nxe5 20. Rxe5 Qb4 21.
Qe3 Qc4 22. g4 Qxc2 23. g5 Kh7 24. Rg3 Rf5 25. Rxf5 Qxf5 26. Nd2 Rf8 27. Nf3
Qb1+ 28. Kg2 Qe4 29. Qc1 Ne8 30. gxh6 gxh6 31. Qxc6 Kh8 32. Qd7 Qf5 33. Qe7 Qf7
34. Qh4 Ng7 35. Rh3 Qf4 36. Qxf4 Rxf4 37. Rg3 Nxh5 38. Rg6 Rf6 39. Rxf6 Nxf6
40. Ne5 Kg7 41. f3 Kf8 42. Kg3 Ke7 43. Kh4 Ne8 44. Ng4 Nd6 45. Ne5 Nf5+ 46. Kh5
Nxd4 47. Kxh6 Kd6 48. f4 Nb3 0-1

[Event "Qatar Masters Open 2014"]
[Site "Doha QAT"]
[Date "2014.11.27"]
[Round "2.63"]
[White "Javakhishvili, Lela"]
[Black "Gholami, Aryan"]
[Result "1-0"]
[WhiteElo "2486"]
[BlackElo "2333"]
[PlyCount "145"]
[EventDate "2014.11.26"]
[EventType "swiss"]
[EventRounds "9"]
[EventCountry "QAT"]
[Source "lmi"]
[SourceDate "2014.11.26"]

1. d4 Nf6 2. c4 e6 3. Nf3 b6 4. a3 Bb7 5. Nc3 Be7 6. d5 O-O 7. e4 d6 8. Be2 e5
9. O-O a5 10. Rb1 Nbd7 11. b4 Re8 12. Nd2 Nf8 13. Nb3 axb4 14. axb4 N6d7 15.
Be3 Bg5 16. Qd2 h6 17. Ra1 Rb8 18. Nb5 Ng6 19. Bxg5 hxg5 20. g3 Nf6 21. Qxg5
Nxe4 22. Qxd8 Rexd8 23. f3 Nf6 24. Nxc7 Ne7 25. Nb5 Ne8 26. f4 exf4 27. gxf4
Ra8 28. N3d4 Ng6 29. Rxa8 Rxa8 30. Nf5 Rd8 31. Bd3 Ba6 32. Nc3 Nf6 33. Nd4 Rc8
34. Ncb5 Bxb5 35. Nxb5 Ne8 36. Bxg6 fxg6 37. Re1 Rd8 38. Re6 Kf7 39. Kg2 Rd7
40. Kf3 Rd8 41. Ke3 Rd7 42. Kd4 Rd8 43. Re2 Nf6 44. Re6 Ne8 45. Nc3 Nc7 46. Re2
Ra8 47. Ne4 Ne8 48. Ng5+ Kf8 49. Re6 Ra4 50. Kc3 Ra3+ 51. Kb2 Rd3 52. Kc2 Rd4
53. Re4 Rxe4 54. Nxe4 Ke7 55. Kb3 Nc7 56. Ka4 Kd7 57. Ng5 Kc8 58. Ne6 Ne8 59.
Kb5 Kb7 60. Nd8+ Kc7 61. Ne6+ Kb7 62. h3 Nf6 63. Nxg7 Ne4 64. Ka4 Nd2 65. f5
gxf5 66. Nxf5 Nxc4 67. h4 Kc7 68. h5 Ne5 69. h6 Nf7 70. h7 Kd7 71. Kb5 Kc7 72.
Ka6 Nh8 73. Nh4 1-0